| 000 | 00880nac a22002411u 4500 | ||
|---|---|---|---|
| 010 | _a 2005022372 | ||
| 020 | _a082648705X (hbk.) | ||
| 020 | _a0826487068 (pbk.) | ||
| 082 | 0 | 0 |
_a194 _bCOX |
| 090 |
_c7548 _d7548 |
||
| 100 | _aCox, Gary, | ||
| 245 | 1 | 0 |
_aSartre : _ba guide for the perplexed / _cGary Cox. |
| 260 |
_aLondon ; _aNew York : _bContinuum,c.2006. _cc.2006. |
||
| 300 |
_axiii, 178 p. ; _c23 cm. |
||
| 440 | 0 | _aGuides for the perplexed | |
| 500 | _aDistributer: Al-Ahram. | ||
| 504 | _aIncludes bibliographical references (p. 169-172) and index. | ||
| 505 | 0 | _aConsciousness -- Freedom -- Bad faith -- Authenticity. | |
| 511 | _aCatalogued By: Mahitab. | ||
| 600 | 1 | 0 |
_aSartre, Jean-Paul, _d1905-1980. |
| 856 | 4 | 1 |
_3Table of contents _uhttp://www.loc.gov/catdir/toc/ecip0517/2005022372.html |
| 942 |
_cBB _k194COX |
||
| 999 |
_c7548 _d7548 |
||